Trouver les régions à partir des Parcs Naturels - Statistiques

Statistiques générales
  • Ce quiz a été pris 12 fois
  • Le résultat moyen est 38 sur 51
Statistiques - réponses
Hint Réponse % Correct
Parc naturel régional des Volcans d'Auvergne Auvergne-Rhône-Alpes
100%
Parc naturel régional des Monts d'Ardèche Auvergne-Rhône-Alpes
91%
Parc naturel régional de Loire-Anjou-Touraine Centre-Val de Loire
91%
Parc naturel régional de Corse Corse
91%
Parc naturel régional des Ardennes Grand Est
91%
Parc naturel régional de Lorraine Grand Est
91%
Parc naturel régional de Guyane Guyane
91%
Parc naturel régional de la Baie de Somme Picardie Maritime Hauts-de-France
91%
Parc naturel régional de Martinique Martinique
91%
Parc naturel régional de Millevaches en Limousin Nouvelle-Aquitaine
91%
Parc naturel régional du Périgord-Limousin Nouvelle-Aquitaine
91%
Parc naturel régional des Landes de Gascogne Nouvelle-Aquitaine
91%
Parc naturel régional de la Narbonnaise en Méditerranée Occitanie
91%
Parc naturel régional des Pyrénées catalanes Occitanie
91%
Parc naturel régional des Pyrénées ariégeoises Occitanie
91%
Parc naturel régional des Préalpes d'Azur Provence-Alpes-Côte d'Azur
91%
Parc naturel régional du Morvan Bourgogne-Franche-Comté
82%
Parc naturel régional du Haut-Jura Bourgogne-Franche-Comté
82%
Parc naturel régional du Doubs Horloger Bourgogne-Franche-Comté
82%
Parc naturel régional d'Armorique Bretagne
82%
Parc naturel régional des Vosges du Nord Grand Est
82%
Parc naturel régional de la Montagne de Reims Grand Est
82%
Parc naturel régional des Ballons des Vosges Grand Est
82%
Parc naturel régional du Marais poitevin Nouvelle-Aquitaine
82%
Parc naturel régional Normandie-Maine Pays de la Loire
82%
Parc naturel régional de Camargue Provence-Alpes-Côte d'Azur
82%
Parc naturel régional du Massif des Bauges Auvergne-Rhône-Alpes
73%
Parc naturel régional du Pilat Auvergne-Rhône-Alpes
73%
Parc naturel régional du Golfe du Morbihan Bretagne
73%
Parc naturel régional Scarpe-Escaut Hauts-de-France
73%
Parc naturel régional du Vexin français Île-de-France
73%
Parc naturel régional des Boucles de la Seine Normande Normandie
73%
Parc naturel régional du Médoc Nouvelle-Aquitaine
73%
Parc naturel régional de l'Aubrac Occitanie
73%
Parc naturel régional du Mont-Ventoux Provence-Alpes-Côte d'Azur
73%
Parc naturel régional de Livradois-Forez Auvergne-Rhône-Alpes
64%
Parc naturel régional du Vercors Auvergne-Rhône-Alpes
64%
Parc naturel régional de Chartreuse Auvergne-Rhône-Alpes
64%
Parc naturel régional du Gâtinais français Île-de-France
64%
Parc naturel régional du Marais du Cotentin et du Bessin Normandie
64%
Parc naturel régional de Brière Pays de la Loire
64%
Parc naturel régional de la Sainte-Baume Provence-Alpes-Côte d'Azur
64%
Parc naturel régional du Luberon Provence-Alpes-Côte d'Azur
64%
Parc naturel régional de la Brenne Centre-Val de Loire
55%
Parc naturel régional de la Haute Vallée de Chevreuse Île-de-France
55%
Parc naturel régional des Causses du Quercy Occitanie
55%
Parc naturel régional du Queyras Provence-Alpes-Côte d'Azur
55%
Parc naturel régional du Verdon Provence-Alpes-Côte d'Azur
55%
Parc naturel régional des Caps et Marais d'Opale Hauts-de-France
45%
Parc naturel régional des Grands Causses Occitanie
45%
Parc naturel régional de l'Avesnois Hauts-de-France
36%
Aucun quiz correspondant
Distribution des résultats
% des personnes avec chaque résultat
Percentile par nombre de réponses
Votre historique - résultats
Vous n’avez pas pris ce quiz